00302nam a2200109Ia 4500008004100000041000800041082001400049100001500063245004500078260004000123300002900163240624s9999 xx 000 0 und d aeng a332.6 LOW aLOWE JANET aDAMN RIGHT BEHIND THE SCENES WITH BERKSH c2000aNew YorkbJohn Wiley and Sons ax, : 294 : p. : cm. ; 22